Alphabetical Threesomes Quiz Stats

 Plays Quiz Updated Nov 5, 2015

Challenge
Share
Tweet
Embed
Score 0/54 Timer 05:00
7 Plays Today
% Correct
Yellow
94.2%
Blue
93.9%
Red
93.8%
Swimming
89.7%
Vanilla
87.5%
Chocolate
86.5%
Running
86.4%
Strawberry
86.3%
The Fellowship of the Ring
86.1%
Cycling
86%
Straw
85.9%
Legislative
85.1%
Brick
84.4%
Executive
83.5%
The Two Towers
82.9%
Sedimentary
82.2%
Snap
82.2%
Crackle
81.8%
Pop
81%
Judicial
80.7%
Sticks
80.6%
Metamorphic
79.7%
Igneous
79.6%
The Return of the King
79.3%
Santa María
78.7%
Tigers
76.2%
Lions
75.8%
% Correct
Japan
75.6%
Pinta
75.2%
Bears
75.1%
Niña
74.9%
Ego
73.8%
Myrrh
73.3%
Italy
73.1%
Superego
72.4%
Gold
71.9%
Id
71.2%
Germany
71%
Frankincense
67.8%
Cape Town
67.6%
Squirtle
62.9%
Pretoria
62.5%
Charmander
61.5%
Zeus
59.3%
Bulbasaur
57.1%
Poseidon
53.5%
Porthos
53%
Aramis
52.5%
Hades
52.1%
Athos
50.8%
Bloemfontein
50.6%
Pathos
45.4%
Logos
42.4%
Ethos
42.1%

You're not logged in!

Compare scores with friends on all Sporcle quizzes.
OR
Log In

You Might Also Like...

Show Comments

Extras

Top Quizzes Today


Score Distribution

Your Account Isn't Verified!

In order to create a playlist on Sporcle, you need to verify the email address you used during registration. Go to your Sporcle Settings to finish the process.

Report this User

Report this user for behavior that violates our Community Guidelines.

Details: